| LEADER |
01004nam0a2200205 450 |
| 001 |
16822347 |
| 010 |
|
|
|a 978-2-8126-0925-1
|b br.
|d 13,8
|
| 100 |
|
|
|a 20150707d2026 u u0frey01 ba
|
| 101 |
0 |
|
|a fre
|
| 102 |
|
|
|a FR
|
| 200 |
0 |
|
|a maladroite (La)
|f Alexandre Seurat
|
| 207 |
|
1 |
|a
|
| 210 |
|
|
|a Arles
|c Editions du Rouergue
|d DL 2015
|
| 215 |
|
|
|a 1 vol. (121 p.)
|d 21 cm
|
| 225 |
1 |
|
|a (La )brune au Rouergue
|
| 330 |
|
|
|a Inspiré par un fait divers récent, le meurtre d'une enfant de huit ans par ses parents, La maladroite recompose par la fiction les monologues des témoins impuissants de son martyre, membres de la famille, enseignants, médecins, services sociaux, gendarmes
Un premier roman d'une lecture bouleversante, interrogeant les responsabilités de chacun dans ces tragédies de la maltraitance.
|
| 700 |
|
0 |
|a Seurat
|b Alexandre
|f 1979-....
|4 70
|
| 900 |
|
|
|a Roman
|
| 901 |
|
|
|a Accessible au prêt
|
| 995 |
|
|
|a Bibliothèque
|c Bibliothèque
|f 024016307
|h 024016307
|k R SEU
|o p
|q a
|r az
|e Bibliothèque
|